000
00318nam a22001217a 4500
999
_c
9417
_d
9417
003
OSt
008
201203b ||||| |||| 00| 0 eng d
245
_a
Asian Dyer
250
_a
2014( Feb-Mar Vol.11 No.1, Apr-May Vol.11 No.2 )
260
_a
Mumbai
_b
Texchem Publication
650
_a
Textile Engineering
942
_2
ddc
_c
BV